000 00308nam a22001457a 4500
008 181018b xxu||||| |||| 00| 0 eng d
020 _a0912310634
041 _aeng
080 _a616.8
082 _a616.8
100 _a7
101 _aTRU
245 _aThe passionate mind
_cKramer.J
942 _2udc
_cBK
999 _c50114
_d50114